Word Ladder: Novel & Author Quiz Stats

 Plays Quiz Updated Nov 17, 2016

Challenge
Share
Tweet
Embed
Score 0/26 Timer 02:00
1 Play Today
Clue Answer % Correct
'____ Buy Me Love'CAN'T
92.7%
Cat's nailCLAW
90.6%
Walking stickCANE
88.7%
RelocateMOVE
87.9%
BlemishFLAW
81.5%
What a glutton or greedy person wantsMORE
81.2%
Like a plateauFLAT
80.2%
Fava, pinto or limaBEAN
77.7%
Suffix with OktoberFEST
77.5%
'____ la vie' (That's life)C'EST
77.4%
Daybreak, for shortMORN
76.7%
Actress Crawford or pop singer JettJOAN
76.1%
Type of coastal inletCOVE
74.9%
Clue Answer % Correct
Utterance of pain or grievingMOAN
74.3%
Noteworthy achievementFEAT
73.2%
Throw the diceCAST
72.3%
Use your sense of touchFEEL
71%
1980 novel: The [Rung 1] of the [Rung 11] [Rung 20]CAVE
68%
Part of a fishing poleREEL
67.4%
First name of novel's authorJEAN
64%
GasolineFUEL
62.4%
____ Madrid C.F.REAL
57.5%
1980 novel: The [Rung 1] of the [Rung 11] [Rung 20]BEAR
39%
1980 novel: The [Rung 1] of the [Rung 11] [Rung 20]CLAN
37.1%
Stern, on a boatREAR
37.1%
Last name of novel's authorAUEL
13.7%

Today's Daily Dose

Missing Word
Biopics

Word Ladder
Food Idioms

Quick Pick
Diets

On This Day
December 18th II

You're not logged in!

Compare scores with friends on all Sporcle quizzes.
OR
Log In

You Might Also Like...

Show Comments

Extras

Top Quizzes Today


Score Distribution

Your Account Isn't Verified!

In order to create a playlist on Sporcle, you need to verify the email address you used during registration. Go to your Sporcle Settings to finish the process.

Report this User

Report this user for behavior that violates our Community Guidelines.

Details: